| 000 | 00613nam a2200181Ia 4500 | ||
|---|---|---|---|
| 003 | GCL | ||
| 008 | 140319s9999 xx 000 0 ara d | ||
| 040 |
_aGCL / _cGCL |
||
| 082 | 0 | 4 |
_a325.3 _bر ق |
| 100 | 1 | _aاحمد نجيب هاشم | |
| 245 | 1 | 0 |
_aالقياصرة القادمون (هدية من الاديب عبدالفتاح الجمل) / _cاحمد نجيب هاشم |
| 700 | 1 | _aرينكور، امورى | |
| 300 | _a< > للاختي | ||
| 650 | 0 | 4 | _aالولايات المتحدة الامريكية |
| 650 | 0 | 4 | _aالقياصرة |
| 650 | 0 | 4 | _aالكشوف الجغرافية |
| 942 |
_2ddc _cBK |
||
| 999 |
_c42206 _d42206 |
||